Charakterystyka nowej metody kształtowania regularnej makrogeometrii szlifowanej powierzchni w postaci równomiernie rozmieszczonych wgłębień / (Rekord nr 6680)
| 000 -ETYKIETA REKORDU | |
|---|---|
| podpole kontrolne o stałej długości | 01340nab a2200253 i 4500 |
| 001 - NUMER KONTROLNY REKORDU | |
| podpole kontrolne | BPP |
| 003 - IDENTYFIKATOR NUMERU KONTROLNEGO REKORDU | |
| podpole kontrolne | BPK |
| 005 - DATA OSTATNIEJ MODYFIKACJI REKORDU | |
| podpole kontrolne | 20190610114327.0 |
| 008 - POLE O STAŁEJ DŁUGOŚCI - DANE KONTROLNE | |
| podpole kontrolne o stałej długości | 140530s1983 pl f |100 0 pol |
| 040 ## - ŹRÓDŁO KATALOGOWANIA | |
| Instytucja, która utworzyła rekord | BPK |
| 080 ## - UNIWERSALNA KLASYFIKACJA DZIESIĘTNA - UKD | |
| UKD | 621.9 |
| 100 ## - NAZWA OSOBOWA | |
| Nazwa osobowa | KACALAK, Wojciech. |
| Lata pracy | 1970 - 1996. |
| Instytucja | Wyższa Szkoła Inżynierska w Koszalinie - Wydział Mechaniczny, |
| Wydział | Zakład Obrabiarek i Obróbki Skrawaniem |
| 245 ## - TYTUŁ/ODPOWIEDZIALNOŚĆ | |
| Tytuł | Charakterystyka nowej metody kształtowania regularnej makrogeometrii szlifowanej powierzchni w postaci równomiernie rozmieszczonych wgłębień / |
| Pozostałe elementy strefy tytułu i oznaczenia odpowiedzialności | Wojciech Kacalak, Bogusław Poletajew. |
| 260 ## - STREFA ADRESU WYDAWNICZEGO | |
| Data publikacji, dystrybucji/powstania dokumentu | 1983. |
| 500 ## - UWAGI OGÓLNE | |
| Tekst uwagi | Dane z autopsji. |
| 520 ## - UWAGA DOTYCZĄCA TREŚCI DOKUMENTU | |
| Analiza dokumentacyjna, adnotacja itp. | Celem pracy było opracowanie wydajnej metody ściernego kształtowania regularnej makrogeometrii utwardzonych powierzchni w postaci równomiernie rozmieszczonych wgłębień lub rowków. |
| 655 #0 - TERMIN INDEKSOWY - OKREŚLENIE RODZAJU/FORMY DOKUMENTU | |
| Określnie rodzaju/formy dokumentu | Materiały konferencyjne. |
| 650 #0 - HASŁO PRZEDMIOTOWE W FORMIE NAZWY OGÓLNEJ LUB JEDNOSTKOWEJ | |
| Nazwa ogólna lub geograficzna | Szlifowanie |
| 650 #0 - HASŁO PRZEDMIOTOWE W FORMIE NAZWY OGÓLNEJ LUB JEDNOSTKOWEJ | |
| Nazwa ogólna lub geograficzna | Inżynieria powierzchni |
| 700 ## - HASŁO DODATKOWE - NAZWA OSOBOWA | |
| Nazwa osobowa | POLETAJEW, Bogusław. |
| Lata pracy | 1980 - 1983. |
| Instytucja | Wyższa Szkoła Inżynierska - Wydział Mechaniczny, |
| Wydział | Zakład Materiałoznawstwa i Obróbki Cieplnej |
| 711 ## - HASŁO DODATKOWE - NAZWA IMPREZY | |
| Nazwa imprezy | Naukowa Szkoła Obróbki Ściernej |
| Oznaczenie części/sekcji dzieła | (6 ; |
| Data imprezy | 1983 ; |
| Miejsce imprezy | Rzeszów, Polska). |
| 773 ## - TYTUŁ DOKUMENTU MACIERZYSTEGO | |
| Wyrażenie wprowadzające | W : |
| Tytuł | Zeszyty Naukowe Politechniki Rzeszowskiej. - |
| Informacje dotyczące relacji | 1983, nr 11, s. 182-187 |
| Strefa serii | Mechanika z. 3 |
| 942 ## - HASŁO DODATKOWE - ELEMENTY(KOHA) | |
| Typ dokumentu | Artykuł |
| Schemat klasyfikacji | Uniwersalna klasyfikacja dziesiętna |
| Wycofany | Zagubiony | Uszkodzony | Dostępność | Lokalizacja stała | Lokalizacja bieżąca | Sygnatura | Typ dokumentu |
|---|---|---|---|---|---|---|---|
| Dostępny | Bibliografia Prac Pracowników - BPK | Bibliografia Prac Pracowników - BPK | 0984 | Artykuł |
